[Event "Gipuzkoako Txapelketa Nagusia"]
[Site "Zarautz"]
[Date "2009.10.31"]
[Round "2"]
[White "D Anna Razzetti, Juan Pablo"]
[Black "Ladron De Guevara Galar, Fco J"]
[Result "1/2-1/2"]
[WhiteElo "1818"]
[BlackElo "2071"]
[PlyCount "75"]
[EventDate "2009.10.24"]
[EventRounds "7"]
[EventCountry "ESP"]

1. d4 d5 2. c4 e6 3. Nc3 Nf6 4. e3 Be7 5. Nf3 Nbd7 6. Bd3 O-O 7. O-O b6 8. b3
Bb7 9. Bb2 c5 10. Rc1 Rc8 11. Re1 Qc7 12. cxd5 exd5 13. e4 dxe4 14. Nxe4 Qf4
15. Nfd2 Rfd8 16. Qe2 cxd4 17. Rxc8 Rxc8 18. Bxd4 Bb4 19. Be3 Qc7 20. Rd1 Re8
21. Nxf6+ Nxf6 22. Bb5 Rd8 23. Nf3 Bd6 24. h3 Ne4 25. Rc1 Qe7 26. Bd4 Ba3 27.
Re1 Qb4 28. Bd3 Nf6 29. Bxf6 gxf6 30. Be4 Bxe4 31. Qxe4 Qxe4 32. Rxe4 Rd1+ 33.
Kh2 Bd6+ 34. g3 Rd3 35. Kg2 f5 36. Rd4 Rxd4 37. Nxd4 f4 38. g4 1/2-1/2

[Event "Gipuzkoako Txapelketa Nagusia"]
[Site "Zarautz"]
[Date "2009.10.31"]
[Round "2"]
[White "Garrido Fernandez, David"]
[Black "Paredes Macarro, Manuel"]
[Result "1/2-1/2"]
[WhiteElo "1969"]
[BlackElo "1860"]
[PlyCount "50"]
[EventDate "2009.10.24"]
[EventRounds "7"]
[EventCountry "ESP"]

1. e4 e5 2. Nf3 d5 3. Nxe5 Bd6 4. d4 dxe4 5. Nc4 Nf6 6. Nc3 O-O 7. Be2 Nc6 8.
Be3 a6 9. O-O Bf5 10. Qd2 Bg4 11. Rad1 Re8 12. Nxd6 Qxd6 13. Bf4 Qd7 14. d5 Ne5
15. Bxe5 Rxe5 16. f3 exf3 17. Bxf3 Bxf3 18. Rxf3 Rd8 19. Rd3 Qd6 20. h3 h6 21.
Qf2 Rde8 22. a3 Ne4 23. Nxe4 Rxe4 24. Rf1 R8e7 25. Rd2 b5 1/2-1/2

[Event "Gipuzkoako Txapelketa Nagusia"]
[Site "Zarautz"]
[Date "2009.10.31"]
[Round "2"]
[White "Arana Garate, Jon"]
[Black "Goni Garmendia, Aitor"]
[Result "1-0"]
[WhiteElo "1952"]
[BlackElo "1847"]
[PlyCount "97"]
[EventDate "2009.10.24"]
[EventRounds "7"]
[EventCountry "ESP"]

1. d4 f5 2. c4 Nf6 3. Nc3 g6 4. Nf3 Bg7 5. Bg5 O-O 6. Qc1 b6 7. Bh6 Bb7 8. Bxg7
Kxg7 9. e3 d6 10. d5 c5 11. Bd3 Nbd7 12. Ng5 Ne5 13. Ne6+ Kh8 14. Qc2 Qd7 15.
Nxf8 Rxf8 16. Be2 Kg7 17. h3 Rb8 18. O-O Bc8 19. f4 Nf7 20. Bf3 g5 21. fxg5
Nxg5 22. Qf2 Kh8 23. Qh4 Nf7 24. e4 Ba6 25. b3 Rg8 26. exf5 Qxf5 27. Be4 Qg5
28. Qxg5 Rxg5 29. Bf5 Ne5 30. Rae1 Kg7 31. Ne4 Nxe4 32. Rxe4 b5 33. g4 Kh6 34.
h4 Rg7 35. Rff4 bxc4 36. bxc4 Bb7 37. Kh2 a5 38. Kh3 a4 39. Be6 a3 40. Re3 Ba6
41. Rc3 Rg6 42. g5+ Kh5 43. Rxa3 Bxc4 44. Rxc4 h6 45. Bg4+ Nxg4 46. Rxg4 c4 47.
Rxc4 e5 48. dxe6 d5 49. e7 1-0

[Event "Gipuzkoako Txapelketa Nagusia"]
[Site "Zarautz"]
[Date "2009.10.31"]
[Round "2"]
[White "Juez Villar, Erik"]
[Black "Olabe Odriozola, Eduardo"]
[Result "0-1"]
[WhiteElo "1938"]
[BlackElo "1830"]
[PlyCount "42"]
[EventDate "2009.10.24"]
[EventRounds "7"]
[EventCountry "ESP"]

1. d4 d5 2. c4 c6 3. Nc3 g6 4. g3 Bg7 5. cxd5 cxd5 6. Bg2 Nc6 7. Be3 Nf6 8. Nh3
Ng4 9. Nf4 Nxe3 10. fxe3 e6 11. O-O O-O 12. Kh1 Rb8 13. Rc1 Ne7 14. Qb3 Nf5 15.
Na4 b6 16. Rf3 Ba6 17. Rcf1 Rc8 18. Nc3 Bb7 19. Nd3 Qg5 20. Nd1 Nd6 21. Qb4 Nc4
0-1

[Event "Gipuzkoako Txapelketa Nagusia"]
[Site "Zarautz"]
[Date "2009.10.31"]
[Round "2"]
[White "Fernandez Zubitur, Jokin"]
[Black "Kuende Gorostidi, Jon"]
[Result "1-0"]
[WhiteElo "1869"]
[BlackElo "1805"]
[PlyCount "45"]
[EventDate "2009.10.24"]
[EventRounds "7"]
[EventCountry "ESP"]

1. e4 d6 2. d4 Nf6 3. Nc3 g6 4. g3 Bg7 5. Bg2 Nbd7 6. Nge2 O-O 7. O-O c5 8. h3
cxd4 9. Nxd4 Rb8 10. Be3 Ne5 11. Qe2 a6 12. f4 Neg4 13. hxg4 Nxg4 14. Nb3 h5
15. f5 Be5 16. fxg6 Bxg3 17. Rxf7 Bh2+ 18. Kh1 e6 19. Qf3 Bd7 20. Rf1 e5 21. g7
Qh4 22. gxf8=Q+ Rxf8 23. Rxf8+ 1-0

[Event "Gipuzkoako Txapelketa Nagusia"]
[Site "Zarautz"]
[Date "2009.10.31"]
[Round "2"]
[White "Lazkano Gaite, Tomas"]
[Black "Zubia Aramburu, Mikel"]
[Result "1-0"]
[WhiteElo "1731"]
[BlackElo "1863"]
[PlyCount "93"]
[EventDate "2009.10.24"]
[EventRounds "7"]
[EventCountry "ESP"]

1. d4 d5 2. c4 c6 3. Nf3 Nf6 4. Nc3 e6 5. Bg5 Nbd7 6. e3 Be7 7. Bd3 dxc4 8.
Bxc4 b5 9. Bd3 a6 10. O-O c5 11. e4 cxd4 12. Nxd4 Bb7 13. a3 O-O 14. Rc1 Nc5
15. e5 Nxd3 16. Qxd3 Nd7 17. Bxe7 Qxe7 18. f4 Rfd8 19. Ne4 Nb6 20. Ng5 g6 21.
Qh3 h5 22. Nc6 Bxc6 23. Rxc6 Qd7 24. Rd6 Qa7 25. Rxd8+ Rxd8 26. Qe3 Qb7 27. Ne4
Nc4 28. Nf6+ Kg7 29. Qg3 Qa7+ 30. Kh1 Kf8 31. Qe1 Rd2 32. b3 Qb7 33. Rg1 Rb2
34. bxc4 bxc4 35. a4 Qc6 36. Qc3 Rb3 37. Qd4 Rd3 38. Qa7 Rd8 39. a5 c3 40. Qb6
Qxb6 41. axb6 c2 42. b7 Kg7 43. Nd7 Rxd7 44. b8=Q Rd1 45. Qc7 Rd2 46. h3 a5 47.
Kh2 1-0

[Event "Gipuzkoako Txapelketa Nagusia"]
[Site "Zarautz"]
[Date "2009.11.07"]
[Round "3"]
[White "Galarza Cenzano, Inigo"]
[Black "Guijarro Galan, Jose Luis"]
[Result "1-0"]
[WhiteElo "2042"]
[BlackElo "2085"]
[PlyCount "87"]
[EventDate "2009.10.24"]
[EventRounds "7"]
[EventCountry "ESP"]

1. e4 c5 2. Nc3 Nc6 3. f4 e6 4. Nf3 d5 5. exd5 exd5 6. Bb5 Nf6 7. Bxc6+ bxc6 8.
O-O d4 9. Qe2+ Be7 10. Na4 O-O 11. b3 Bf5 12. Ne5 Bd6 13. Ba3 Re8 14. Bxc5 d3
15. Qe3 Bxc5 16. Qxc5 Ne4 17. Qc4 Nd6 18. Qc5 dxc2 19. d3 Nb5 20. Qxc2 Rxe5 21.
fxe5 Qxd3 22. Qxd3 Bxd3 23. Rf3 Bg6 24. Rc1 Re8 25. Re3 Nd4 26. Rc4 Rd8 27. Nc5
Nc2 28. Re2 Rd1+ 29. Kf2 Nd4 30. Rb2 h5 31. b4 Kh7 32. a4 Kh6 33. b5 Kg5 34. e6
Kf6 35. exf7 Bxf7 36. Rc3 cxb5 37. axb5 Be8 38. b6 axb6 39. Rxb6+ Ke5 40. Re3+
Kd5 41. Rxe8 Kxc5 42. Rb2 Nc6 43. Rc2+ Kb6 44. Re6 1-0

[Event "Gipuzkoako Txapelketa Nagusia"]
[Site "Zarautz"]
[Date "2009.11.07"]
[Round "3"]
[White "Segovia Sanchez, Antonio"]
[Black "Ezpeleta Pradera, Juan Francisc"]
[Result "0-1"]
[WhiteElo "2019"]
[BlackElo "2072"]
[PlyCount "88"]
[EventDate "2009.10.24"]
[EventRounds "7"]
[EventCountry "ESP"]

1. Nf3 g6 2. c4 Bg7 3. e4 c5 4. Nc3 Nc6 5. d3 d6 6. h3 a6 7. Be3 Nf6 8. Be2 O-O
9. Qd2 Bd7 10. d4 cxd4 11. Nxd4 Rb8 12. a4 Re8 13. O-O Qa5 14. f3 Rbc8 15. Rab1
Nxd4 16. Bxd4 Be6 17. b4 Qd8 18. Nd5 Bxd5 19. cxd5 Ra8 20. Rfc1 Qd7 21. b5 Rec8
22. Rxc8+ Qxc8 23. Rc1 Qd8 24. Qc3 h5 25. Bd3 Bh6 26. Rc2 Bg7 27. Qb4 axb5 28.
Bxb5 Rc8 29. Rc3 Kh7 30. Kh1 h4 31. Be2 Ra8 32. Bb6 Qf8 33. Rc7 Nh5 34. Bb5 f5
35. Qe1 Ng3+ 36. Kg1 fxe4 37. fxe4 Rc8 38. Qe3 Rxc7 39. Bxc7 Qf6 40. Bb6 Qa1+
41. Kf2 Bh6 42. Qe1 Qb2+ 43. Kf3 Qf6+ 44. Kg4 Qg5+ 0-1

[Event "Gipuzkoako Txapelketa Nagusia"]
[Site "Zarautz"]
[Date "2009.11.07"]
[Round "3"]
[White "Argandona Riveiro, Inigo"]
[Black "Rodriguez Cabrera, Fco  Javier"]
[Result "1-0"]
[WhiteElo "2375"]
[BlackElo "1965"]
[PlyCount "57"]
[EventDate "2009.10.24"]
[EventRounds "7"]
[EventCountry "ESP"]

1. Nf3 Nf6 2. c4 g6 3. Nc3 Bg7 4. e4 d6 5. d4 O-O 6. Be3 e5 7. dxe5 dxe5 8.
Qxd8 Rxd8 9. Nd5 Nxd5 10. cxd5 c6 11. Bc4 cxd5 12. Bxd5 h6 13. O-O-O Nd7 14.
Kb1 Re8 15. Bb3 Nf6 16. Ba4 b5 17. Bxb5 Bb7 18. Bxe8 Bxe4+ 19. Ka1 Rxe8 20.
Rhe1 Bd5 21. Bc5 e4 22. Ng1 Bc4 23. Bd4 Nd5 24. Bxg7 Kxg7 25. Rd4 e3 26. f3 Rc8
27. b3 Nb4 28. Rc1 e2 29. Nxe2 1-0

[Event "Gipuzkoako Txapelketa Nagusia"]
[Site "Zarautz"]
[Date "2009.11.07"]
[Round "3"]
[White "Alcaide Luque, Aitor"]
[Black "Alvarado Fernandez, Mikel"]
[Result "1/2-1/2"]
[WhiteElo "2104"]
[BlackElo "2016"]
[PlyCount "71"]
[EventDate "2009.10.24"]
[EventRounds "7"]
[EventCountry "ESP"]

1. d4 d5 2. c4 c6 3. Nc3 Nf6 4. Nf3 a6 5. c5 h6 6. Bf4 Bf5 7. e3 e6 8. Nd2 Nbd7
9. Be2 Be7 10. O-O O-O 11. Rc1 Qc8 12. Bf3 Bd8 13. e4 dxe4 14. Ndxe4 Nxe4 15.
Bxe4 Bc7 16. Bxc7 Qxc7 17. Bxf5 exf5 18. Qf3 g6 19. d5 Nxc5 20. Qe3 Ne4 21.
Nxe4 fxe4 22. dxc6 bxc6 23. Qxe4 Rac8 24. Rfe1 Qa5 25. a3 Qb5 26. Qd4 c5 27.
Qc3 Rfe8 28. g3 Rxe1+ 29. Rxe1 c4 30. Re5 Qd7 31. h4 Qd1+ 32. Kg2 h5 33. Ra5
Qd6 34. Re5 Qc6+ 35. Kh2 Rd8 36. Re1 $2 1/2-1/2

[Event "Gipuzkoako Txapelketa Nagusia"]
[Site "Zarautz"]
[Date "2009.11.07"]
[Round "3"]
[White "Etxagibel Larranaga, Asier"]
[Black "Lakunza Plazaola, Asier"]
[Result "0-1"]
[WhiteElo "1945"]
[BlackElo "2089"]
[PlyCount "142"]
[EventDate "2009.10.24"]
[EventRounds "7"]
[EventCountry "ESP"]

1. Nf3 Nf6 2. d4 e6 3. g3 b6 4. Bg2 Bb7 5. O-O Be7 6. c4 O-O 7. b3 c5 8. Bb2
cxd4 9. Nxd4 Bxg2 10. Kxg2 d5 11. Nd2 Qd7 12. Rc1 Na6 13. N2f3 Rac8 14. cxd5
Nxd5 15. Ne5 Qb7 16. Kg1 Bg5 17. Rxc8 Rxc8 18. Nc4 Rd8 19. Nf3 Be7 20. Qa1 Bf6
21. Rd1 Bxb2 22. Qxb2 Qe7 23. Qd4 Rc8 24. e4 Nf6 25. Rd2 Nc5 26. e5 Nd5 27. Nd6
Rb8 28. b4 Nb7 29. Nxb7 Qxb7 30. Ng5 Qe7 31. Ne4 Qxb4 32. Qxb4 Nxb4 33. Rd7
Nxa2 34. Rxa7 Nb4 35. f4 Nd5 36. Ng5 b5 37. Ra3 b4 38. Rb3 Ra8 39. Ne4 Kf8 40.
Kf1 Ra2 41. h4 f6 42. exf6 gxf6 43. Ke1 Ra3 44. Rb2 Re3+ 45. Re2 Rxe2+ 46. Kxe2
h5 47. Kd3 Kf7 48. Nc5 Ke7 49. Kd4 Kd6 50. Nd3 b3 51. Kc4 Ne3+ 52. Kxb3 Nf5 53.
Kc3 Kd5 54. Nf2 Nxg3 55. Kd3 e5 56. fxe5 fxe5 57. Nd1 e4+ 58. Ke3 Ke5 59. Nf2
Nf5+ 60. Ke2 Nxh4 61. Nh3 Nf5 62. Kf2 Ne7 63. Ng5 Kf5 64. Nf7 Kf4 65. Nd8 e3+
66. Ke2 Nf5 67. Ne6+ Kg3 68. Nc5 h4 69. Ne4+ Kf4 70. Nf6 Nd4+ 71. Kf1 Kf3 0-1

[Event "Gipuzkoako Txapelketa Nagusia"]
[Site "Zarautz"]
[Date "2009.11.07"]
[Round "3"]
[White "Garro Beraza, Haritz"]
[Black "Olmo Vega, Diego"]
[Result "1/2-1/2"]
[WhiteElo "2073"]
[BlackElo "2000"]
[PlyCount "81"]
[EventDate "2009.10.24"]
[EventRounds "7"]
[EventCountry "ESP"]

1. e4 c5 2. Nf3 Nc6 3. d4 cxd4 4. Nxd4 Nf6 5. Nc3 e5 6. Ndb5 d6 7. Bg5 a6 8.
Na3 b5 9. Nd5 Be7 10. Bxf6 Bxf6 11. c3 O-O 12. Nc2 Rb8 13. a3 Bg5 14. h4 Bh6
15. g4 Bf4 16. Qf3 Be6 17. Nxf4 exf4 18. Qxf4 Ne5 19. Ne3 Re8 20. Be2 Bc4 21.
Rd1 Bxe2 22. Kxe2 Nc4 23. Nxc4 bxc4 24. Rd2 d5 25. f3 Qe7 26. Kf2 dxe4 27. Qxe4
Qc7 28. Qc2 Qf4 29. Kg2 Re3 30. Rf1 Rbe8 31. Rff2 Re1 32. Rde2 h5 33. Rxe1 Rxe1
34. Qd2 Qe5 35. gxh5 Qe3 36. Qd8+ Kh7 37. Qg5 Qe6 38. Qg4 Qd5 39. Kh2 Qe5+ 40.
Kg2 Qd5 41. Kh2 1/2-1/2

[Event "Gipuzkoako Txapelketa Nagusia"]
[Site "Zarautz"]
[Date "2009.11.07"]
[Round "3"]
[White "Tejedor Txapartegui, Nabar"]
[Black "Beitia Amador-Carrandi, Ernesto"]
[Result "1-0"]
[WhiteElo "2044"]
[BlackElo "1988"]
[PlyCount "79"]
[EventDate "2009.10.24"]
[EventRounds "7"]
[EventCountry "ESP"]

1. e4 e5 2. d4 exd4 3. Qxd4 Nc6 4. Qe3 Bb4+ 5. Bd2 Qe7 6. Nc3 Nf6 7. O-O-O d6
8. Qg3 Nh5 9. Qd3 Be6 10. Nd5 Bxd2+ 11. Qxd2 Qd7 12. Qg5 g6 13. Be2 Bxd5 14.
exd5 Qd8 15. Qe3+ Ne7 16. Bxh5 gxh5 17. Re1 h6 18. Nf3 Kf8 19. Qd4 Ng6 20. Re3
Kg8 21. Rhe1 Kh7 22. Nd2 f5 23. Re6 Rf8 24. Nf3 Rf7 25. Qe3 a5 26. g3 Qf8 27.
Nd4 Qg7 28. c3 Raf8 29. f4 Rd8 30. Qf3 Ne7 31. Qxh5 Rd7 32. Rxh6+ Qxh6 33.
Qxf7+ Qg7 34. Qe8 Nxd5 35. Nxf5 Qf7 36. Qe4 Nf6 37. Qg2 Qxa2 38. Qh3+ Kg6 39.
Qh6+ Kxf5 40. Qg5# 1-0

[Event "Gipuzkoako Txapelketa Nagusia"]
[Site "Zarautz"]
[Date "2009.11.07"]
[Round "3"]
[White "Martin Alvarez, Inigo"]
[Black "Fernandez Zubitur, Jokin"]
[Result "1-0"]
[WhiteElo "2227"]
[BlackElo "1869"]
[PlyCount "97"]
[EventDate "2009.10.24"]
[EventRounds "7"]
[EventCountry "ESP"]

1. e4 e5 2. Nf3 Nf6 3. d3 Nc6 4. Be2 d5 5. Nbd2 dxe4 6. dxe4 Bc5 7. O-O a6 8.
c3 O-O 9. Qc2 Qe7 10. b4 Ba7 11. Nc4 h6 12. a4 Bg4 13. Ne3 Bxe3 14. Bxe3 Qe6
15. Rfd1 Rfd8 16. Rxd8+ Rxd8 17. b5 Ne7 18. bxa6 bxa6 19. Rb1 Nxe4 20. Qxe4 Bf5
21. Qb7 Bxb1 22. Qxb1 Nd5 23. Bd2 c5 24. Bd3 Qd6 25. h3 Nb6 26. Bxa6 Nxa4 27.
Bb5 Nb6 28. c4 Qe6 29. Ba5 Rb8 30. Qe4 f6 31. Bc6 Kh8 32. Bxb6 Rxb6 33. Bd5 f5
34. Qxe5 Qxe5 35. Nxe5 Rb8 36. h4 Kh7 37. h5 Re8 38. f4 Kh8 39. Kf2 Kh7 40. Kf3
Rb8 41. Nd3 Rb3 42. Ke2 g6 43. hxg6+ Kxg6 44. Nxc5 Rb2+ 45. Kf3 Rc2 46. Ne6 Kf6
47. Ke3 Ke7 48. Kd4 Kd6 49. c5+ 1-0

[Event "Gipuzkoako Txapelketa Nagusia"]
[Site "Zarautz"]
[Date "2009.11.07"]
[Round "3"]
[White "Manso Marquez, Felix"]
[Black "Lazkano Gaite, Tomas"]
[Result "1-0"]
[WhiteElo "2087"]
[BlackElo "1731"]
[PlyCount "55"]
[EventDate "2009.10.24"]
[EventRounds "7"]
[EventCountry "ESP"]

1. d4 Nf6 2. c4 e5 3. dxe5 Ng4 4. Bf4 Nc6 5. Nf3 Bc5 6. e3 d6 7. exd6 Qf6 8.
Qd2 O-O 9. Nc3 Re8 10. Be2 Be6 11. Ne4 Bb4 12. Nxf6+ Nxf6 13. O-O Bxd2 14. Nxd2
cxd6 15. Bxd6 Red8 16. c5 b6 17. Rfd1 Rac8 18. Ba6 bxc5 19. Bxc8 Rxd6 20. Bxe6
Rxe6 21. Rac1 Rd6 22. Nc4 Rxd1+ 23. Rxd1 Kf8 24. Rd6 Nb4 25. a3 Nc2 26. Rd2 Ne1
27. Rd1 Nc2 28. Rc1 1-0

[Event "Gipuzkoako Txapelketa Nagusia"]
[Site "Zarautz"]
[Date "2009.11.07"]
[Round "3"]
[White "Argandona Riveiro, Jon"]
[Black "Puga Senar, Fernando"]
[Result "0-1"]
[WhiteElo "1979"]
[BlackElo "1714"]
[PlyCount "98"]
[EventDate "2009.10.24"]
[EventRounds "7"]
[EventCountry "ESP"]

1. e4 e6 2. d3 d5 3. Nd2 c5 4. Ngf3 Nc6 5. g3 g6 6. Bg2 Bg7 7. O-O Nge7 8. Re1
O-O 9. c3 Rb8 10. Nf1 dxe4 11. dxe4 b6 12. Bf4 e5 13. Bg5 Qc7 14. Qe2 Be6 15.
h4 h6 16. Bc1 Rbd8 17. Ne3 Nc8 18. Nh2 Nd6 19. Neg4 h5 20. Ne3 Qe7 21. Nhf1 Qd7
22. Nd2 Ne7 23. Rd1 Qc7 24. Nd5 Qb7 25. Nc4 Nxc4 26. Qxc4 Nxd5 27. exd5 Bg4 28.
f3 Bf5 29. Bg5 Rd6 30. g4 hxg4 31. fxg4 Bd7 32. Qe4 Qc8 33. Be7 Rf6 34. Bxf6
Bxf6 35. g5 Bg7 36. d6 c4 37. Kh2 Qc5 38. Rd2 Bf5 39. Qf3 e4 40. Qe2 Be5+ 41.
Kh1 Bxd6 42. Bxe4 Re8 43. Rd4 Qe5 44. Re1 Bc5 45. Rxc4 Qg3 46. Rxc5 Qxh4+ 47.
Kg1 bxc5 48. Rf1 Rxe4 49. Qh2 Rg4+ 0-1

[Event "Gipuzkoako Txapelketa Nagusia"]
[Site "Zarautz"]
[Date "2009.11.07"]
[Round "3"]
[White "Velte, Daniela"]
[Black "Agirretxe San Sebastian, Jesus"]
[Result "0-1"]
[WhiteElo "1763"]
[BlackElo "2164"]
[PlyCount "106"]
[EventDate "2009.10.24"]
[EventRounds "7"]
[EventCountry "ESP"]

1. Nf3 d5 2. d4 Nf6 3. g3 Bg4 4. Bg2 c6 5. O-O Nbd7 6. Nbd2 e6 7. c4 Be7 8. Qb3
Qc7 9. Re1 O-O 10. e4 dxe4 11. Nxe4 Nxe4 12. Rxe4 Nf6 13. Re1 Rfd8 14. Be3 Bd6
15. Rac1 Be7 16. Ne5 Bf5 17. Red1 Be4 18. Bxe4 Nxe4 19. Bf4 Qb6 20. Qe3 Nf6 21.
b3 c5 22. dxc5 Bxc5 23. Qf3 Bd4 24. Nd3 Rac8 25. c5 Qb5 26. Bd6 Nd5 27. Rc4 Bf6
28. Qg4 b6 29. b4 Rxd6 30. a4 h5 31. Qe4 Qxa4 32. Rdc1 Rdd8 33. c6 Qb5 34. Ne5
Rc7 35. h4 Rdc8 36. Nd7 Rxc6 37. Rxc6 Rxc6 38. Rd1 Qxb4 39. Nxf6+ gxf6 40. Qf3
Qg4 41. Qb3 Rc3 42. Qb1 a5 43. Re1 Qb4 44. Qd1 Qg4 45. Qb1 f5 46. Qb5 Rc2 47.
Qe8+ Kg7 48. Qd7 Qf3 49. Rf1 f4 50. Qd6 Qg4 51. Qe5+ f6 52. Qe4 Rd2 53. Kh2
fxg3+ 0-1

[Event "Gipuzkoako Txapelketa Nagusia"]
[Site "Zarautz"]
[Date "2009.11.07"]
[Round "3"]
[White "Ladron De Guevara Galar, Fco J"]
[Black "Garro Beraza, Julen"]
[Result "1-0"]
[WhiteElo "2071"]
[BlackElo "1856"]
[PlyCount "71"]
[EventDate "2009.10.24"]
[EventRounds "7"]
[EventCountry "ESP"]

1. c4 Nf6 2. Nc3 g6 3. e4 d6 4. g3 Bg7 5. Bg2 O-O 6. Nge2 e5 7. O-O Nc6 8. d3
Be6 9. h3 Ne8 10. Be3 f5 11. Nd5 Qd7 12. Kh2 Nf6 13. b4 Nh5 14. b5 Nd8 15. exf5
gxf5 16. Nec3 Bf7 17. Bf3 Nf6 18. g4 Bg6 19. Nxf6+ Bxf6 20. gxf5 Bxf5 21. Bd5+
Kh8 22. Rg1 Bg7 23. Qh5 c6 24. Be4 Qf7 25. Qh4 Qf6 26. Bg5 Qf7 27. Be7 Rg8 28.
Rxg7 Rxg7 29. Bxd8 Rg6 30. Qe7 Qxe7 31. Bxe7 Bxe4 32. Nxe4 d5 33. cxd5 cxd5 34.
Nc3 e4 35. Nxd5 exd3 36. Bf6+ 1-0

[Event "Gipuzkoako Txapelketa Nagusia"]
[Site "Zarautz"]
[Date "2009.11.07"]
[Round "3"]
[White "Cantabrana Garona, Alejandro"]
[Black "Garrido Fernandez, David"]
[Result "0-1"]
[WhiteElo "1789"]
[BlackElo "1969"]
[PlyCount "84"]
[EventDate "2009.10.24"]
[EventRounds "7"]
[EventCountry "ESP"]

1. c4 f5 2. g3 Nf6 3. Bg2 g6 4. d4 Bg7 5. Nc3 O-O 6. e3 d6 7. Nf3 Nc6 8. d5 Ne5
9. Qe2 Nxf3+ 10. Bxf3 e5 11. e4 fxe4 12. Nxe4 Nxe4 13. Bxe4 Bf5 14. h4 Bxe4 15.
Qxe4 Qf6 16. Be3 Qf5 17. Qxf5 gxf5 18. O-O-O h5 19. f3 Kh7 20. Rhg1 Bh6 21.
Bxh6 Kxh6 22. Rg2 Rf7 23. Rdg1 Rg8 24. Kd2 Rfg7 25. Kd3 Kg6 26. g4 fxg4 27.
fxg4 Kh7 28. g5 Rf8 29. Re1 Kg6 30. Re4 Rgf7 31. Rge2 Rf3+ 32. R2e3 Rf2 33. Re2
Rf1 34. b4 Rg1 35. c5 Rg4 36. a4 Rf3+ 37. R2e3 Rxe4 38. Rxf3 Rxh4 39. cxd6 cxd6
40. Rf6+ Kxg5 41. Rxd6 Rxb4 42. Rd8 Rxa4 0-1

[Event "Gipuzkoako Txapelketa Nagusia"]
[Site "Zarautz"]
[Date "2009.11.07"]
[Round "3"]
[White "Bello Castano, Diego"]
[Black "D Anna Razzetti, Juan Pablo"]
[Result "1-0"]
[WhiteElo "1928"]
[BlackElo "1818"]
[PlyCount "59"]
[EventDate "2009.10.24"]
[EventRounds "7"]
[EventCountry "ESP"]

1. Nf3 d5 2. b3 c5 3. Bb2 Nc6 4. e3 Nf6 5. Bb5 Bg4 6. h3 Bh5 7. g4 Bg6 8. Ne5
Qc7 9. Bxc6+ bxc6 10. d3 e6 11. f4 Bd6 12. Nd2 a5 13. a4 Kf8 14. Qf3 Ne8 15.
O-O-O f6 16. Nxg6+ hxg6 17. f5 gxf5 18. gxf5 e5 19. Rdg1 Ke7 20. Rg6 Kd8 21. h4
Bf8 22. e4 d4 23. Kb1 Nd6 24. h5 Nf7 25. Nc4 Ra7 26. Bc1 Qe7 27. Bd2 Qc7 28. h6
Rg8 29. hxg7 Bxg7 30. Rhg1 1-0

[Event "Gipuzkoako Txapelketa Nagusia"]
[Site "Zarautz"]
[Date "2009.11.07"]
[Round "3"]
[White "Paredes Macarro, Manuel"]
[Black "Nogues Fernandez, Ramon"]
[Result "0-1"]
[WhiteElo "1860"]
[BlackElo "1862"]
[PlyCount "136"]
[EventDate "2009.10.24"]
[EventRounds "7"]
[EventCountry "ESP"]

1. e4 d5 2. d4 c6 3. f3 e6 4. Bd3 Nf6 5. e5 Nfd7 6. Ne2 c5 7. c3 Nc6 8. Be3 Qb6
9. Qb3 Qa5 10. Qb5 Qxb5 11. Bxb5 Be7 12. O-O a6 13. Ba4 b5 14. Bc2 cxd4 15.
cxd4 Nb6 16. b3 Bd7 17. Nd2 O-O 18. Rad1 a5 19. f4 Nb4 20. Bb1 Rfc8 21. Rc1 Na6
22. g4 Ba3 23. Rxc8+ Rxc8 24. f5 Nb4 25. Nf3 Nc2 26. Bd2 b4 27. Ng5 $2 exf5 28.
gxf5 Bb5 29. Rf2 Bxe2 30. Rxe2 Nxd4 31. Rf2 Bc1 32. Kg2 f6 33. exf6 gxf6 34.
Ne6 Nb5 35. Kf3 Bxd2 36. Rxd2 Kf7 37. Rg2 Rg8 38. Rd2 Nc3 39. Bd3 Rg1 40. Be2
Ra1 41. Kf4 Rxa2 42. Bh5+ Ke7 43. Rd4 Rxh2 44. Kg4 Nd7 45. Nf4 Ne5+ 46. Kg3 Rh1
47. Kg2 Rh4 48. Nxd5+ Nxd5 49. Rxh4 Ne3+ 50. Kf2 Nxf5 51. Rh1 Nd3+ 52. Kf3 Nc5
53. Re1+ Kd6 54. Bf7 Nd4+ 55. Kg2 Ndxb3 56. Rd1+ Ke5 57. Rd5+ Ke4 58. Rh5 f5
59. Rxh7 a4 60. Rh3 Nd4 61. Bc4 a3 62. Rh1 b3 63. Ra1 b2 64. Re1+ Kf4 65. Ba2
Ne4 66. Rf1+ Ke3 67. Bc4 Nc3 68. Re1+ Kd2 0-1

[Event "Gipuzkoako Txapelketa Nagusia"]
[Site "Zarautz"]
[Date "2009.11.07"]
[Round "3"]
[White "Goni Garmendia, Aitor"]
[Black "Juez Villar, Erik"]
[Result "0-1"]
[WhiteElo "1847"]
[BlackElo "1938"]
[PlyCount "92"]
[EventDate "2009.10.24"]
[EventRounds "7"]
[EventCountry "ESP"]

1. e4 c5 2. Nf3 d6 3. d4 cxd4 4. Nxd4 Nf6 5. Nc3 g6 6. Be3 Bg7 7. Bc4 O-O 8.
Qd2 Ng4 9. Bg5 Qb6 10. O-O-O Nc6 11. Nxc6 Qxc6 12. Bb3 Be6 13. Bxe7 Bxb3 14.
axb3 Rfe8 15. h3 Qa6 16. Kb1 Nxf2 17. Qxf2 Rxe7 18. Nd5 Rxe4 19. Nf6+ Bxf6 20.
Qxf6 Re6 21. Qd4 Rae8 22. g4 Qc6 23. g5 Re2 24. c3 Qb5 25. b4 Qf5+ 26. Qd3 Qxg5
27. Qxd6 Qg2 28. Qd5 Rxb2+ 29. Ka1 Qxd5 30. Rxd5 Ree2 31. h4 Ra2+ 32. Kb1 Reb2+
33. Kc1 Rc2+ 34. Kb1 Rab2+ 35. Ka1 Rb3 36. h5 Rbxc3 37. h6 Rc1+ 38. Kb2 R1c2+
39. Kb1 Rc8 40. Rhd1 Kf8 41. Rd7 R2c7 42. Kb2 Rc2+ 43. Kb3 R2c3+ 44. Ka4 a6 45.
Ka5 R8c6 46. Ka4 b5+ 0-1

[Event "Gipuzkoako Txapelketa Nagusia"]
[Site "Zarautz"]
[Date "2009.11.14"]
[Round "4"]
[White "Ezpeleta Pradera, Juan Francisc"]
[Black "Galarza Cenzano, Inigo"]
[Result "1/2-1/2"]
[WhiteElo "2072"]
[BlackElo "2042"]
[PlyCount "61"]
[EventDate "2009.10.24"]
[EventRounds "7"]
[EventCountry "ESP"]

1. e4 e5 2. Nf3 Nc6 3. Bb5 a6 4. Ba4 Nf6 5. O-O Be7 6. Bxc6 dxc6 7. d3 Bg4 8.
Nbd2 Nd7 9. h3 Bh5 10. Nc4 f6 11. Ne3 Nc5 12. Nf5 Ne6 13. Be3 Bxf3 14. Qxf3 g6
15. Ng3 Nd4 16. Qd1 Qd7 17. Rb1 O-O-O 18. b4 f5 19. Bxd4 exd4 20. exf5 gxf5 21.
Qf3 Rdf8 22. a4 Bd6 23. Ne2 Qg7 24. b5 cxb5 25. axb5 Qe5 26. Ng3 axb5 27. Ra1
Kb8 28. Rfe1 Qc5 29. Ra2 c6 30. Rea1 Kc7 31. Re1 1/2-1/2

[Event "Gipuzkoako Txapelketa Nagusia"]
[Site "Zarautz"]
[Date "2009.11.14"]
[Round "4"]
[White "Lakunza Plazaola, Asier"]
[Black "Argandona Riveiro, Inigo"]
[Result "0-1"]
[WhiteElo "2089"]
[BlackElo "2375"]
[PlyCount "72"]
[EventDate "2009.10.24"]
[EventRounds "7"]
[EventCountry "ESP"]

1. e4 d6 2. d4 Nf6 3. Nc3 e5 4. Nf3 Nbd7 5. Bc4 Be7 6. O-O Nb6 7. Bb3 exd4 8.
Qxd4 O-O 9. h3 Nfd7 10. Nd5 Nc5 11. Nxe7+ Qxe7 12. Re1 Re8 13. Bg5 Ne6 14. Bxe6
Qxe6 15. e5 d5 16. Rad1 Qg6 17. Kh2 Bf5 18. c3 Be4 19. Bf4 Nc4 20. Re2 b6 21.
b4 c6 22. Ng5 Bc2 23. Rc1 Bd3 24. Ree1 h6 25. Nf3 Be4 26. Bg3 c5 27. bxc5 bxc5
28. Qxc5 Nb2 29. Re3 Bxf3 30. Rxf3 Nd3 31. Rxd3 Qxd3 32. Qa5 Re6 33. a3 a6 34.
Qc5 Qc4 35. Qe3 Rc8 36. f3 d4 0-1

[Event "Gipuzkoako Txapelketa Nagusia"]
[Site "Zarautz"]
[Date "2009.11.14"]
[Round "4"]
[White "Martin Alvarez, Inigo"]
[Black "Tejedor Txapartegui, Nabar"]
[Result "1-0"]
[WhiteElo "2227"]
[BlackElo "2044"]
[PlyCount "45"]
[EventDate "2009.10.24"]
[EventRounds "7"]
[EventCountry "ESP"]

1. e4 e5 2. Nf3 Nc6 3. Bb5 f5 4. Bxc6 dxc6 5. Nc3 fxe4 6. Nxe4 Nf6 7. Qe2 Be7
8. Nxf6+ gxf6 9. d4 O-O 10. dxe5 Qd5 11. Bh6 Re8 12. O-O Bg4 13. Rfe1 Bb4 14.
Qe4 Bxf3 15. Qxb4 Kf7 16. exf6 Be2 17. Qxb7 Rad8 18. Qb3 Bc4 19. Qg3 Rg8 20.
Re7+ Kxf6 21. Qh4+ Kg6 22. Rae1 Rde8 23. R1e6+ 1-0